000 00312nam a2200121Ia 4500
008 220216s9999 xx 000 0 und d
245 0 _aSampling and analysis of rubber factory effluents
260 _bPlanters Bulletin
_c1977
300 _a37-53
650 _aRubber effluent
650 _aSampling
942 _cJS
999 _c68395
_d68395